000 00412cam a2200169ua 4500
003 OSt
008 250731b |||||||| |||| 00| 0 eng d
041 _aeng
082 _a625.71
_bNAG/RO
100 _aNagraj, M S .
_97439
245 _aRoad railways & bridges /
250 _a1 /
260 _aAllahabad :
_bSaroj Prakashan ,
_c1984.
300 _a234 ; .
700 1 _aSharma, S C .
_95772
942 _cBK
999 _c11084
_d11084